ბათუმის შოთა რუსთაველის სახელმწიფო უნივერსიტეტის ბიბლიოთეკა

ჩანაწერი Personal Name

ჩანაწერთა რაოდენობა, რომელიც გამოყენებულია: 1

001 - CONTROL NUMBER

  • control field: 1503

003 - CONTROL NUMBER IDENTIFIER

  • control field: GE_BSU

005 - DATE AND TIME OF LATEST TRANSACTION

  • control field: 20190522152313.0

008 - FIXED-LENGTH DATA ELEMENTS

  • fixed length control field: 190522|| aca||aabn | a|a d

040 ## - CATALOGING SOURCE

  • Original cataloging agency: GE_BSU
  • Transcribing agency: GE_BSU

100 ## - HEADING--PERSONAL NAME

  • Personal name: მაჭარაშვილი, ს

670 ## - SOURCE DATA FOUND

  • Source citation: Work cat.: (GE_BSU)38039: ჯერადი ინტეგრალები;მწკრივები,კომპლექსური ცვლადის ფუნქციები :